000 00792nam a2200253 i 4500
001 92314
003 ES-MaACL
005 20260526162927.0
007 t|
008 050224s1972 sp ||||1| spa d
100 1 _aLida, Clara E.,
_81941-
_9243134
245 1 0 _aAnarquismo y revolución en la España del XIX /
_cpor Clara E. Lida.
250 _a1ª ed.
260 _a[Madrid] :
_bSiglo Veintiuno de España,
_c1972.
300 _a334 p. :
_b24 lám ;
_c21 cm.
490 1 _aHistoria
650 7 _aAnarquismo
_2embne
_99783
650 4 _aAnarquismo-
_zEspaña-
_yS.XIX.
_9171717
651 4 _aEspaña-
_xHistoria-
_y1868-1874, Sexenio revolucionario
_98260
830 1 _aHistoria
_9177536
852 _aES-MaACL
_jC-45251
942 _2udc
999 _c92314
_d92314